00341ntaaa2200133 45000030003000000050017000030080021000200400037000410820017000782450056000952500030001513000011001816500015001920120251027201607.00714s1973 ag 01  aAR-BaBNbspacAR-BaBNeaacrdRIC a230.0000 V58 aVerdad religiosa ¿dónde está y qué nos dice? a1 ed. : bAurora, cc/959 a112 p. aTeología